000 00975nam a2200289 i 4500
003 EG-GICUC
005 20260225083343.0
008 260225s1954 sa aodbfr|||| 001 0 eng d
040 _aEG-GiCUC
_beng
_cEG-GiCUC
_dEG-GiCUC
_erda
041 0 _aeng
082 0 4 _221
_a341.71068
_bBA . P
092 0 4 _221
099 _aLaw1 11 341.71068 BA . P 1954
100 1 _aBarnes, J. A
_eAuthor.
245 1 0 _aPolitics In A Changing Society :
_bA Political History Of The Fort Jameson Ngoni /
_cJ. A. Barnes.
264 1 _aCape Town :
_bOxford University Press,
_c1954.
300 _a220 pages :
_billustrations,
_c24 cm
336 _2rda content
_atext
337 _2rda media
_aComputer
338 _2rda carrier
_aOnline Resource
504 _aIncludes bibliographical references and index.
546 _aText in English
650 1 4 _a Public international law
856 4 0 _uhttps://fll.law.cu.edu.eg/fulltext/bks/B11-08444.pdf
905 _a48
942 _2ddc
_cBK
_e21
_n0
999 _c64148
_d64148